[Event "Chess.com Classic Play In"]
[Site "Chess.com INT"]
[Date "2024.05.08"]
[Round "2"]
[White "Wagner, Dennis"]
[Black "Budisavljevic, Luka"]
[Result "1-0"]
[WhiteElo "2613"]
[BlackElo "2476"]
[PlyCount "53"]
[EventDate "2024.05.08"]
[EventType "swiss (rapid)"]
[EventRounds "9"]
[EventCountry "USA"]
[SourceTitle "CB20_2024"]
[SourceDate "2024.05.16"]
[SourceVersion "1"]
[SourceVersionDate "2024.05.16"]
[SourceQuality "1"]

1. d4 Nf6 2. c4 a6 3. Nc3 c5 4. dxc5 e6 5. e4 Qc7 6. b4 d6 7. Bf4 e5 8. Bg5 dxc5 9. Bxf6 gxf6 10. Nd5 Qd8 11. Qf3 f5 12. exf5 cxb4 13. Bd3 Nc6 14. Ne2 Bd6 15. 0-0 Qh4 16. g3 Nd4 17. Nxd4 Qxd4 18. Rad1 Qc5 19. Qh5 a5 20. Nf6+ Ke7 21. Ne4 Qc6 22. c5 Bc7 23. Bc4 Rf8 24. Qg5+ f6 25. Qg7+ Ke8 26. Rd6 Qxe4 27. Bb5+ 1-0

[Event "Chess.com Classic Play In"]
[Site "Chess.com INT"]
[Date "2024.05.08"]
[Round "7"]
[White "Wagner, Dennis"]
[Black "Iskusnyh, Sergei"]
[Result "1/2-1/2"]
[WhiteElo "2613"]
[BlackElo "2440"]
[PlyCount "57"]
[EventDate "2024.05.08"]
[EventType "swiss (rapid)"]
[EventRounds "9"]
[EventCountry "USA"]
[SourceTitle "CB20_2024"]
[SourceDate "2024.05.16"]
[SourceVersion "1"]
[SourceVersionDate "2024.05.16"]
[SourceQuality "1"]

1. d4 d5 2. c4 c6 3. Nf3 Nf6 4. Nc3 e6 5. Bg5 Be7 6. e3 Nbd7 7. Qc2 h6 8. Bh4 0-0 9. h3 b6 10. g4 Bb7 11. Rg1 c5 12. 0-0-0 dxc4 13. Ne5 Nxe5 14. dxe5 Nd5 15. Bxe7 Qxe7 16. Bxc4 Nxc3 17. Qxc3 Rfd8 18. Rxd8+ Rxd8 19. Rd1 Rxd1+ 20. Kxd1 Qh4 21. Qd2 g6 22. Ke1 Qxh3 23. Qd8+ Kh7 24. Qe7 Qh1+ 25. Bf1 Kg8 26. Qd8+ Kh7 27. Qe7 Qf3 28. Be2 Qh1+ 29. Bf1 1/2-1/2

[Event "Titled Tuesday intern op 23rd Apr Late"]
[Site "Chess.com INT"]
[Date "2024.04.23"]
[Round "2"]
[White "Rodriguez Lopez, David"]
[Black "Wagner, Dennis"]
[Result "0-1"]
[WhiteElo "2191"]
[BlackElo "2616"]
[PlyCount "80"]
[EventDate "2024.04.23"]
[EventType "swiss (blitz)"]
[EventRounds "11"]
[EventCountry "USA"]
[SourceTitle "CB18_2024"]
[SourceDate "2024.05.01"]
[SourceVersion "1"]
[SourceVersionDate "2024.05.01"]
[SourceQuality "2"]

1. e4 e5 2. Nf3 Nc6 3. Bb5 a6 4. Ba4 Nf6 5. d3 b5 6. Bb3 Bc5 7. Nc3 d6 8. h3 0-0 9. Nd5 Nxd5 10. Bxd5 Bd7 11. a3 Rb8 12. Be3 Bxe3 13. fxe3 Ne7 14. Ba2 Ng6 15. 0-0 Qe7 16. Qe1 Be6 17. Bxe6 Qxe6 18. Nh4 Nxh4 19. Qxh4 a5 20. Qf2 a4 21. Qf5 Qe7 22. d4 b4 23. axb4 Rxb4 24. c3 Rxb2 25. Rxa4 Re2 26. Qf3 Rc2 27. Rc4 Rb8 28. Rf2 Rb1+ 29. Kh2 Rcc1 30. Qg4 Rh1+ 31. Kg3 Rb8 32. Rb4 Re8 33. d5 g6 34. Rfb2 h5 35. Qf3 Qg5+ 36. Kf2 Qh4+ 37. Ke2 Qe1+ 38. Kd3 Qa1 39. Rb8 Rd1+ 40. Kc4 Qa6+ 0-1

[Event "Titled Tuesday intern op 23rd Apr Late"]
[Site "Chess.com INT"]
[Date "2024.04.23"]
[Round "1"]
[White "Wagner, Dennis"]
[Black "Goncalves, Samuel Jesus P"]
[Result "1/2-1/2"]
[WhiteElo "2616"]
[BlackElo "2190"]
[PlyCount "154"]
[EventDate "2024.04.23"]
[EventType "swiss (blitz)"]
[EventRounds "11"]
[EventCountry "USA"]
[SourceTitle "CB18_2024"]
[SourceDate "2024.05.01"]
[SourceVersion "1"]
[SourceVersionDate "2024.05.01"]
[SourceQuality "2"]

1. d4 g6 2. c4 Bg7 3. e4 d6 4. Nc3 e5 5. Nf3 Nc6 6. dxe5 dxe5 7. Qxd8+ Nxd8 8. Be3 c6 9. h3 f6 10. 0-0-0 Be6 11. c5 Nf7 12. Nd2 0-0-0 13. Bc4 Bxc4 14. Nxc4 Bh6 15. Rxd8+ Kxd8 16. Rd1+ Kc7 17. Bxh6 Ngxh6 18. b4 Rd8 19. Rxd8 Kxd8 20. Kd2 Ng8 21. Ke3 Ne7 22. g3 Kd7 23. f4 Ke6 24. Ne2 g5 25. fxe5 fxe5 26. Ng1 Nc8 27. Na5 Nd8 28. Nf3 h6 29. h4 g4 30. Nd2 b6 31. cxb6 axb6 32. Nac4 Nb7 33. Kd3 b5 34. Ne3 h5 35. Nf5 Kf6 36. Nb3 Ne7 37. Na5 Nxf5 38. exf5 Nd6 39. Nxc6 Kxf5 40. Na7 Ke6 41. Nc6 Kd5 42. Ne7+ Ke6 43. Ng6 Nf5 44. Nf8+ Ke7 45. Ng6+ Kf6 46. Nf8 Nxg3 47. Nd7+ Ke6 48. Nc5+ Kd5 49. a4 bxa4 50. Nxa4 e4+ 51. Ke3 Nf5+ 52. Kf4 Nxh4 53. Nc3+ Kd4 54. b5 Ng6+ 55. Kg5 Ne7 56. Ne2+ Kd3 57. Nf4+ Kc4 58. Kxh5 g3 59. Kg4 Kxb5 60. Kxg3 Kc4 61. Kf2 Nd5 62. Nxd5 Kxd5 63. Ke3 Ke5 64. Ke2 Kd4 65. Kd2 Ke5 66. Ke3 Kd5 67. Ke2 Kd4 68. Kd2 Ke5 69. Ke3 Kf5 70. Ke2 Kf4 71. Kf2 e3+ 72. Ke2 Ke4 73. Ke1 Kd4 74. Ke2 Ke4 75. Ke1 Kd3 76. Kd1 e2+ 77. Ke1 Ke3 1/2-1/2

[Event "Titled Tuesday intern op 23rd Apr Late"]
[Site "Chess.com INT"]
[Date "2024.04.23"]
[Round "11"]
[White "Wagner, Dennis"]
[Black "Rogov, Matfey"]
[Result "1-0"]
[WhiteElo "2616"]
[BlackElo "2191"]
[PlyCount "93"]
[EventDate "2024.04.23"]
[EventType "swiss (blitz)"]
[EventRounds "11"]
[EventCountry "USA"]
[SourceTitle "CB18_2024"]
[SourceDate "2024.05.01"]
[SourceVersion "1"]
[SourceVersionDate "2024.05.01"]
[SourceQuality "2"]

1. d4 Nf6 2. c4 e6 3. Nf3 c5 4. d5 b5 5. e4 bxc4 6. Nc3 d6 7. Bxc4 e5 8. 0-0 Bg4 9. h3 Bh5 10. g4 Bg6 11. Bg5 Nbd7 12. Bb5 Be7 13. Bxf6 Bxf6 14. Qa4 a6 15. Bc6 Ra7 16. Nb5 axb5 17. Qxa7 Bxe4 18. Nd2 Bd3 19. Rfe1 h5 20. Ne4 Be7 21. Rad1 c4 22. Bxb5 hxg4 23. hxg4 Rh4 24. f3 g6 25. Rxd3 cxd3 26. Bxd3 Kf8 27. Kg2 Nf6 28. Nxf6 Bxf6 29. Rc1 Kg7 30. Rc7 Qg8 31. Rd7 e4 32. Bxe4 Be5 33. b4 Rh2+ 34. Kf1 Rb2 35. Qb7 Kf6 36. b5 Qh7 37. Rxf7+ Qxf7 38. g5+ Kg7 39. Qxf7+ Kxf7 40. a4 Bd4 41. Ke1 Bb6 42. Kd1 Rb4 43. Bc2 Rd4+ 44. Ke2 Rxd5 45. Bb3 Ke6 46. f4 Ba5 47. Kf3 1-0

[Event "Titled Tuesday intern op 02nd Apr Early"]
[Site "Chess.com INT"]
[Date "2024.04.02"]
[Round "10"]
[White "Wagner, Dennis"]
[Black "Pajeken, Jakob Leon"]
[Result "1/2-1/2"]
[WhiteElo "2616"]
[BlackElo "2423"]
[PlyCount "81"]
[EventDate "2024.04.02"]
[EventType "swiss (blitz)"]
[EventRounds "11"]
[EventCountry "USA"]
[SourceTitle "CB15_2024"]
[SourceDate "2024.04.10"]
[SourceVersion "1"]
[SourceVersionDate "2024.04.10"]
[SourceQuality "1"]

1. c4 e5 2. Nc3 Nf6 3. Nf3 Nc6 4. g3 d5 5. cxd5 Nxd5 6. Bg2 Bc5 7. 0-0 0-0 8. d3 h6 9. Nxd5 Qxd5 10. a3 a5 11. Bd2 Be6 12. Bc3 Qd6 13. Nd2 Bd4 14. Qa4 Bd5 15. Nc4 Qd7 16. Qb5 Bxg2 17. Kxg2 b6 18. Bxd4 exd4 19. Rac1 Rfe8 20. Nxb6 cxb6 21. Qxc6 Qxc6+ 22. Rxc6 Rxe2 23. Rxb6 Rc8 24. b4 a4 25. Ra6 Rc3 26. Rxa4 Rxd3 27. b5 Rb2 28. Ra8+ Kh7 29. a4 Ra3 30. h4 d3 31. h5 Rxb5 32. axb5 Rxa8 33. Kf3 Re8 34. Rd1 Re5 35. Rb1 d2 36. b6 Rb5 37. Rd1 Rb3+ 38. Kg4 Rxb6 39. Rxd2 g6 40. hxg6+ Kxg6 41. f4 1/2-1/2

[Event "AUT-chT 2324"]
[Site "Austria"]
[Date "2024.03.22"]
[Round "9.5"]
[White "Wagner, Dennis"]
[Black "Hartl, Daniel"]
[Result "1-0"]
[WhiteElo "2620"]
[BlackElo "2248"]
[PlyCount "72"]
[EventDate "2023.11.22"]
[EventType "team-tourn"]
[EventRounds "11"]
[EventCountry "AUT"]
[SourceTitle "CB13_2024"]
[SourceDate "2024.03.27"]
[SourceVersion "1"]
[SourceVersionDate "2024.03.27"]
[SourceQuality "1"]
[WhiteTeam "Jenbach"]
[BlackTeam "Maria Saal"]
[WhiteTeamCountry "AUT"]
[BlackTeamCountry "AUT"]

1. c4 c6 2. Nf3 d5 3. e3 Nf6 4. Nc3 e6 5. b3 Bd6 6. Bb2 Nbd7 7. d4 b6 8. Bd3 Bb7 9. 0-0 0-0 10. Qc2 h6 11. Rad1 Rc8 12. e4 dxe4 13. Nxe4 Nxe4 14. Bxe4 Qc7 15. Rfe1 Nf6 16. Bd3 c5 17. d5 Rfe8 18. Bxf6 gxf6 19. Qc3 Kg7 20. Bb1 exd5 21. cxd5 Rxe1+ 22. Rxe1 Rh8 23. Nh4 Bxh2+ 24. Kh1 Be5 25. Nf5+ Kf8 26. Qd2 Bc8 27. d6 Qd8 28. Rd1 Qd7 29. Be4 h5 30. f4 Bd4 31. Nxd4 cxd4 32. Qxd4 Kg7 33. Rd3 h4 34. f5 Rd8 35. Qf2 Ba6 36. Rd4 Qb5 1-0

[Event "Titled Tuesday intern op 27th Feb Late"]
[Site "Chess.com INT"]
[Date "2024.02.27"]
[Round "5"]
[White "Ribeiro, Gustavo"]
[Black "Wagner, Dennis"]
[Result "0-1"]
[WhiteElo "2250"]
[BlackElo "2614"]
[PlyCount "78"]
[EventDate "2024.02.27"]
[EventType "swiss (blitz)"]
[EventRounds "11"]
[EventCountry "USA"]
[SourceTitle "CB10_2024"]
[SourceDate "2024.03.06"]
[SourceVersion "1"]
[SourceVersionDate "2024.03.06"]
[SourceQuality "1"]

1. e4 e5 2. Nf3 Nc6 3. Bc4 Bc5 4. 0-0 Nf6 5. d3 d6 6. a4 a5 7. c3 h6 8. h3 0-0 9. Be3 Bxe3 10. fxe3 Ne7 11. Nbd2 Ng6 12. Ba2 c6 13. Qe2 Qe7 14. Rf2 Be6 15. Bxe6 Qxe6 16. c4 Rfe8 17. Ra3 Rad8 18. Rb3 Rd7 19. Qe1 Rde7 20. Rb6 Ra8 21. d4 exd4 22. exd4 Nxe4 23. Nxe4 Qxe4 24. Qxe4 Rxe4 25. Rxb7 Nf4 26. Rb6 Rc8 27. Rd2 g5 28. Ra6 Kg7 29. Rxa5 Rce8 30. Ra6 Re2 31. Rxe2 Rxe2 32. Rxc6 Rxg2+ 33. Kf1 Rxb2 34. Rxd6 Rb3 35. Kf2 Nxh3+ 36. Kg2 Nf4+ 37. Kf2 g4 38. Ne1 g3+ 39. Kf1 Rb1 0-1

[Event "Titled Tuesday intern op 27th Feb Late"]
[Site "Chess.com INT"]
[Date "2024.02.27"]
[Round "9"]
[White "Wagner, Dennis"]
[Black "Quesada Perez, Yuniesky"]
[Result "1-0"]
[WhiteElo "2614"]
[BlackElo "2591"]
[PlyCount "81"]
[EventDate "2024.02.27"]
[EventType "swiss (blitz)"]
[EventRounds "11"]
[EventCountry "USA"]
[SourceTitle "CB10_2024"]
[SourceDate "2024.03.06"]
[SourceVersion "1"]
[SourceVersionDate "2024.03.06"]
[SourceQuality "1"]

1. d4 Nf6 2. c4 e6 3. Nc3 Bb4 4. e3 0-0 5. Nf3 d5 6. Bd2 b6 7. cxd5 exd5 8. Rc1 Re8 9. Nb5 Bxd2+ 10. Nxd2 c6 11. Nc3 Bf5 12. Be2 Nbd7 13. 0-0 Re6 14. b4 h5 15. Qb3 b5 16. a4 a6 17. a5 Ng4 18. h3 Qg5 19. Nxd5 cxd5 20. Qxd5 Rd8 21. hxg4 hxg4 22. Bd3 Ne5 23. Qxd8+ Qxd8 24. Bxf5 Rc6 25. dxe5 Qc7 26. Rxc6 Qxc6 27. Ne4 g6 28. Nf6+ Kg7 29. Bxg4 Qc4 30. Rd1 Qxb4 31. Bf3 Qxa5 32. g4 b4 33. g5 b3 34. Rd5 Qc7 35. Be4 Qc8 36. Kg2 b2 37. Rd7 Qc4 38. Rd8 Qxe4+ 39. Nxe4 b1Q 40. Nf6 Qb7+ 41. Kg3 1-0

[Event "Titled Tuesday intern op 27th Feb Late"]
[Site "Chess.com INT"]
[Date "2024.02.27"]
[Round "3"]
[White "Wagner, Dennis"]
[Black "Soham, Kamotra"]
[Result "1-0"]
[WhiteElo "2614"]
[BlackElo "2348"]
[PlyCount "137"]
[EventDate "2024.02.27"]
[EventType "swiss (blitz)"]
[EventRounds "11"]
[EventCountry "USA"]
[SourceTitle "CB10_2024"]
[SourceDate "2024.03.06"]
[SourceVersion "1"]
[SourceVersionDate "2024.03.06"]
[SourceQuality "1"]

1. d4 Nf6 2. c4 e6 3. Nc3 Bb4 4. Nf3 0-0 5. e3 c5 6. Bd3 cxd4 7. exd4 d5 8. c5 b6 9. cxb6 Qxb6 10. 0-0 Ba6 11. Bg5 Nbd7 12. Na4 Qb7 13. a3 Bd6 14. b4 Bxd3 15. Qxd3 a5 16. Nc5 Qb6 17. Nxd7 Nxd7 18. b5 a4 19. Rfc1 Rfc8 20. h4 h6 21. Bd2 Qb7 22. g3 Nb6 23. Rxc8+ Rxc8 24. Rb1 Nc4 25. Bb4 Qb6 26. Bxd6 Nxd6 27. Ne5 Rc7 28. Kg2 h5 29. Rb4 g6 30. Qe2 Rc3 31. Rxa4 Qxb5 32. Qxb5 Nxb5 33. Ra8+ Kg7 34. a4 Nxd4 35. Ra7 Kf6 36. f4 Rc2+ 37. Kh3 Kf5 38. Rxf7+ Ke4 39. Rf6 Nf3 40. Nxf3 Kxf3 41. Rxe6 Rc1 42. Kh2 Rc2+ 43. Kh3 Rc1 44. Kh2 d4 45. Rxg6 d3 46. Rd6 Rc2+ 47. Kh3 d2 48. f5 Ke2 49. Re6+ Kd3 50. Rd6+ Ke2 51. Re6+ Kf2 52. Rd6 Ke1 53. Re6+ Kd1 54. f6 Rc7 55. Re7 Rc6 56. f7 Rf6 57. a5 Kc2 58. Rc7+ Kb2 59. Rd7 Kc2 60. a6 Rxf7 61. a7 Rxd7 62. a8Q d1Q 63. Qc6+ Kb1 64. Qb5+ Kc1 65. Qc6+ Kb2 66. Qb5+ Kc3 67. Qc6+ Kb4 68. Qb6+ Ka3 69. Qc5+ 1-0

[Event "Titled Tuesday intern op 27th Feb Late"]
[Site "Chess.com INT"]
[Date "2024.02.27"]
[Round "4"]
[White "Wagner, Dennis"]
[Black "Terry, Renato"]
[Result "0-1"]
[WhiteElo "2614"]
[BlackElo "2522"]
[PlyCount "114"]
[EventDate "2024.02.27"]
[EventType "swiss (blitz)"]
[EventRounds "11"]
[EventCountry "USA"]
[SourceTitle "CB10_2024"]
[SourceDate "2024.03.06"]
[SourceVersion "1"]
[SourceVersionDate "2024.03.06"]
[SourceQuality "1"]

1. d4 e6 2. c4 Bb4+ 3. Nd2 Nf6 4. a3 Be7 5. e4 d6 6. Bd3 0-0 7. Ne2 e5 8. d5 a5 9. 0-0 Nbd7 10. Nc3 Nc5 11. Bc2 Bg4 12. f3 Bd7 13. b3 Nh5 14. g3 g6 15. Rf2 f5 16. exf5 gxf5 17. f4 Qe8 18. Nf1 exf4 19. gxf4 Bf6 20. Bb2 Kh8 21. Qd2 Rg8+ 22. Rg2 Rxg2+ 23. Kxg2 Qg6+ 24. Ng3 Rg8 25. Qf2 Qg4 26. Rf1 Qh4 27. b4 axb4 28. axb4 Na6 29. Bd1 Ng7 30. Na2 Re8 31. Kh1 b5 32. c5 c6 33. cxd6 cxd5 34. Rg1 d4 35. Bf3 Qxf4 36. Ne2 Qe3 37. Qxe3 Rxe3 38. Nxd4 Rxf3 39. Nxf3 Bxb2 40. Ng5 Bc6+ 41. Rg2 Kg8 42. Kg1 Bd4+ 43. Kf1 Bxg2+ 44. Kxg2 Nb8 45. Nf3 Bf6 46. Kf2 Ne8 47. Ke3 Nxd6 48. Kf4 Kf7 49. h4 h6 50. h5 Ke6 51. Nc1 Nc6 52. Nd3 Nc4 53. Nc5+ Kf7 54. Kxf5 Nxb4 55. Ne4 Bg7 56. Kf4 Nd5+ 57. Kf5 Nce3# 0-1

[Event "Titled Tuesday intern op 13th Feb Early"]
[Site "Chess.com INT"]
[Date "2024.02.13"]
[Round "1"]
[White "Koridze, Lile"]
[Black "Wagner, Dennis"]
[Result "0-1"]
[WhiteElo "2167"]
[BlackElo "2614"]
[PlyCount "60"]
[EventDate "2024.02.13"]
[EventType "swiss (blitz)"]
[EventRounds "11"]
[EventCountry "USA"]
[SourceTitle "CB08_2024"]
[SourceDate "2024.02.21"]
[SourceVersion "1"]
[SourceVersionDate "2024.02.21"]
[SourceQuality "1"]

1. d4 Nf6 2. c4 e6 3. Nf3 b6 4. g3 Bb7 5. Bg2 Bb4+ 6. Bd2 c5 7. 0-0 0-0 8. Bxb4 cxb4 9. Nbd2 a5 10. Qc2 d6 11. e4 Qc7 12. Rfe1 e5 13. Rad1 Re8 14. Nb3 h6 15. Rc1 Nbd7 16. c5 Rec8 17. Nh4 bxc5 18. Nf5 Kh7 19. Qc4 Nb6 20. Qc2 c4 21. dxe5 dxe5 22. Nd2 Ba6 23. Ne3 c3 24. bxc3 Qxc3 25. Qxc3 bxc3 26. Nb1 Na4 27. Red1 Rab8 28. Rd6 Be2 29. Bf1 Bxf1 30. Kxf1 Nxe4 0-1

[Event "Titled Tuesday intern op 13th Feb Early"]
[Site "Chess.com INT"]
[Date "2024.02.13"]
[Round "10"]
[White "Wagner, Dennis"]
[Black "Nouali, Mohamed"]
[Result "1-0"]
[WhiteElo "2614"]
[BlackElo "2137"]
[PlyCount "69"]
[EventDate "2024.02.13"]
[EventType "swiss (blitz)"]
[EventRounds "11"]
[EventCountry "USA"]
[SourceTitle "CB08_2024"]
[SourceDate "2024.02.21"]
[SourceVersion "1"]
[SourceVersionDate "2024.02.21"]
[SourceQuality "1"]

1. e4 c5 2. Nf3 Nc6 3. d4 cxd4 4. Nxd4 g6 5. Nc3 Bg7 6. Be3 Nf6 7. Bc4 0-0 8. Bb3 d6 9. f3 Bd7 10. Qd2 Rc8 11. h4 h5 12. 0-0-0 Ne5 13. Kb1 b5 14. Bg5 b4 15. Nd5 a5 16. Nxf6+ exf6 17. Bh6 a4 18. Bd5 Qb6 19. g4 Nc4 20. Bxc4 Rxc4 21. Bxg7 Kxg7 22. gxh5 Rfc8 23. hxg6 fxg6 24. Rhg1 b3 25. axb3 axb3 26. cxb3 Rxd4 27. Qxd4 Qxb3 28. Qd3 Qa4 29. e5 f5 30. exd6 Kh7 31. h5 Be6 32. b3 Bxb3 33. Rd2 Rb8 34. Rb2 Bc2+ 35. Qxc2 1-0

[Event "Chessable Masters Play In"]
[Site "Chess.com INT"]
[Date "2024.01.31"]
[Round "7"]
[White "Drygalov, Andrey"]
[Black "Wagner, Dennis"]
[Result "1/2-1/2"]
[WhiteElo "2475"]
[BlackElo "2611"]
[PlyCount "169"]
[EventDate "2024.01.31"]
[EventType "swiss (rapid)"]
[EventRounds "9"]
[EventCountry "USA"]
[SourceTitle "CB06_2024"]
[SourceDate "2024.02.07"]
[SourceVersion "1"]
[SourceVersionDate "2024.02.07"]
[SourceQuality "1"]

1. d4 Nf6 2. c4 e6 3. Nc3 Bb4 4. e3 0-0 5. Bd3 c5 6. Nge2 d5 7. a3 cxd4 8. exd4 dxc4 9. Bxc4 Be7 10. 0-0 Nc6 11. Bg5 h6 12. Bh4 Nh5 13. Bxe7 Nxe7 14. Qd3 b6 15. Rad1 Bb7 16. Ba2 Nd5 17. Bb1 g6 18. Qd2 Qg5 19. Qxg5 hxg5 20. Rfe1 Nhf4 21. Nxf4 gxf4 22. Ne4 Rfd8 23. Rc1 Kg7 24. Ba2 Rac8 25. Ng5 Rxc1 26. Rxc1 Rd7 27. h3 Ne7 28. Bb1 Nc6 29. Be4 Nxd4 30. Kh2 Bxe4 31. Nxe4 e5 32. Rc8 Ne6 33. f3 f5 34. Nc3 Rd2 35. Ra8 Nd4 36. Rxa7+ Kh6 37. Kg1 Rxb2 38. h4 Rd2 39. Re7 Rd3 40. Na4 Rd1+ 41. Kf2 Rd2+ 42. Kf1 Nc2 43. Nxb6 Ne3+ 44. Ke1 Ra2 45. Nd7 Nxg2+ 46. Kf1 Ne3+ 47. Ke1 Ng2+ 48. Kf1 e4 49. Nf6 Nxh4 50. fxe4 Kg5 51. Nd5 f3 52. e5 Kg4 53. Nc3 Rc2 54. Nd1 Kg3 55. Rd7 Rh2 56. Ke1 Ng2+ 57. Kd2 Nf4+ 58. Kc3 Rh1 59. a4 Re1 60. a5 Rxe5 61. a6 Ra5 62. a7 f2 63. Ne3 Kf3 64. Nf1 Kg2 65. Ne3+ Kf3 66. Nf1 g5 67. Kb3 g4 68. Re7 Ra1 69. Nd2+ Kg2 70. Rf7 g3 71. Rxf5 Nd3 72. Rf7 Ne1 73. Kb2 Ra6 74. Kb3 Kg1 75. Kb4 g2 76. Kb5 Ra2 77. Kb6 f1Q 78. Nxf1 gxf1Q 79. Rxf1+ Kxf1 80. Kb7 Nd3 81. a8Q Nc5+ 82. Kb8 Nd7+ 83. Kb7 Nc5+ 84. Kb8 Rxa8+ 85. Kxa8 1/2-1/2

[Event "Chessable Masters Play In"]
[Site "Chess.com INT"]
[Date "2024.01.31"]
[Round "5"]
[White "Wagner, Dennis"]
[Black "Jacobson, Brandon"]
[Result "0-1"]
[WhiteElo "2611"]
[BlackElo "2569"]
[PlyCount "56"]
[EventDate "2024.01.31"]
[EventType "swiss (rapid)"]
[EventRounds "9"]
[EventCountry "USA"]
[SourceTitle "CB06_2024"]
[SourceDate "2024.02.07"]
[SourceVersion "1"]
[SourceVersionDate "2024.02.07"]
[SourceQuality "1"]

1. d4 Nf6 2. Nf3 g6 3. c4 Bg7 4. Nc3 0-0 5. e4 d6 6. Be2 e5 7. 0-0 Bg4 8. d5 a5 9. h3 Bxf3 10. Bxf3 Nbd7 11. Rb1 h5 12. a3 Nh7 13. b4 Bf6 14. Qc2 Bg5 15. Be2 Bxc1 16. Rfxc1 axb4 17. axb4 Qh4 18. Bf1 Kg7 19. Nb5 Rfc8 20. c5 Ng5 21. Re1 Nf6 22. Re3 Ng4 23. Rc3 Nxf2 24. cxd6 cxd6 25. Rxc8 Qg3 26. Be2 Ngxh3+ 27. Kf1 Rxc8 28. Qxc8 Ng4 0-1

[Event "Chessable Masters Play In"]
[Site "Chess.com INT"]
[Date "2024.01.31"]
[Round "3"]
[White "Wagner, Dennis"]
[Black "Sarana, Alexey"]
[Result "1/2-1/2"]
[WhiteElo "2611"]
[BlackElo "2695"]
[PlyCount "109"]
[EventDate "2024.01.31"]
[EventType "swiss (rapid)"]
[EventRounds "9"]
[EventCountry "USA"]
[SourceTitle "CB06_2024"]
[SourceDate "2024.02.07"]
[SourceVersion "1"]
[SourceVersionDate "2024.02.07"]
[SourceQuality "1"]

1. d4 Nf6 2. Nf3 d5 3. c4 e6 4. g3 Be7 5. Bg2 0-0 6. 0-0 dxc4 7. Qa4 a6 8. Qxc4 b5 9. Qc2 Bb7 10. Bg5 Nbd7 11. Bxf6 Nxf6 12. Nbd2 Rc8 13. Nb3 Be4 14. Qc3 Nd5 15. Qd2 c5 16. dxc5 Bxc5 17. Nxc5 Rxc5 18. Rfc1 Rxc1+ 19. Rxc1 Qa8 20. Qd4 Ne7 21. Rc7 Rd8 22. Rd7 Rxd7 23. Qxd7 Kf8 24. h4 h6 25. Qd6 Qc8 26. Ne5 Bxg2 27. Kxg2 Ke8 28. g4 f6 29. Nd3 e5 30. f3 h5 31. gxh5 Nf5 32. Qc5 Nxh4+ 33. Kf2 Qe6 34. Qa7 Nf5 35. Nc5 Qc6 36. b4 Qd6 37. Nxa6 e4 38. Qa8+ Kf7 39. Qb7+ Ne7 40. fxe4 Qh2+ 41. Ke1 Qxh5 42. Nc5 Qg5 43. Kd1 Qg1+ 44. Kc2 Qa1 45. Qxb5 Qxa2+ 46. Kd3 Qb1+ 47. Kd2 Qb2+ 48. Kd3 Qb1+ 49. Kd2 Qb2+ 50. Ke3 Qc1+ 51. Kf2 Qf4+ 52. Ke1 Qc1+ 53. Kf2 Qf4+ 54. Ke1 Qc1+ 55. Kf2 1/2-1/2

[Event "Bundesliga 2324"]
[Site "Germany"]
[Date "2024.01.13"]
[Round "5.6"]
[White "Ferreira, Jorge Viterbo"]
[Black "Wagner, Dennis"]
[Result "1/2-1/2"]
[WhiteElo "2525"]
[BlackElo "2589"]
[PlyCount "41"]
[EventDate "2023.10.21"]
[EventType "team-tourn"]
[EventRounds "15"]
[EventCountry "GER"]
[SourceTitle "CB03_2024"]
[SourceDate "2024.01.17"]
[SourceVersion "1"]
[SourceVersionDate "2024.01.17"]
[SourceQuality "1"]
[WhiteTeam "Heimbach Weis Neuwied"]
[BlackTeam "Viernheim"]
[WhiteTeamCountry "GER"]
[BlackTeamCountry "GER"]

1. d4 Nf6 2. c4 e6 3. Nf3 d5 4. cxd5 exd5 5. Qc2 c6 6. Nc3 Be7 7. Bg5 g6 8. e3 Bf5 9. Bd3 Bxd3 10. Qxd3 Nbd7 11. Bh6 Ng4 12. Bf4 Ngf6 13. h3 0-0 14. 0-0 Re8 15. Rac1 Bf8 16. Qc2 Ne4 17. Nxe4 Rxe4 18. Rfd1 Re8 19. Ne1 a5 20. a4 Qb6 21. Bg5 1/2-1/2

[Event "Titled Tuesday intern op 09th Jan Early"]
[Site "Chess.com INT"]
[Date "2024.01.09"]
[Round "10"]
[White "Kuhn, Clement"]
[Black "Wagner, Dennis"]
[Result "1/2-1/2"]
[WhiteElo "2338"]
[BlackElo "2611"]
[PlyCount "131"]
[EventDate "2024.01.09"]
[EventType "swiss (blitz)"]
[EventRounds "11"]
[EventCountry "USA"]
[SourceTitle "CB03_2024"]
[SourceDate "2024.01.17"]
[SourceVersion "1"]
[SourceVersionDate "2024.01.17"]
[SourceQuality "1"]

1. e4 e5 2. Nc3 Nf6 3. f4 d5 4. fxe5 Nxe4 5. Qf3 Nc6 6. Bb5 Nxc3 7. dxc3 Qh4+ 8. g3 Qe4+ 9. Qxe4 dxe4 10. Ne2 Bd7 11. Bxc6 Bxc6 12. Rf1 Be7 13. Nd4 Bd7 14. Nf5 Bxf5 15. Rxf5 0-0 16. Rf4 f5 17. exf6 Bxf6 18. Rxe4 Rfe8 19. Rxe8+ Rxe8+ 20. Kf2 Kf7 21. Be3 a6 22. Rd1 Rd8 23. Rd3 Ke6 24. Kf3 Rd5 25. Bf4 c6 26. Ke4 g5 27. Be3 Re5+ 28. Kf3 h5 29. Bd4 Rf5+ 30. Ke3 g4 31. Bxf6 Rxf6 32. Ke2 Rf8 33. c4 Ke7 34. Rb3 Rb8 35. c5 Ke6 36. c4 Ke5 37. Ke3 Kf5 38. Rb6 Re8+ 39. Kd3 Rd8+ 40. Ke3 Rd7 41. b4 Ke5 42. b5 axb5 43. cxb5 Kd5 44. bxc6 bxc6 45. Ra6 Re7+ 46. Kd3 Rf7 47. Ke2 Rf3 48. Ra4 Rc3 49. Kd2 Rxc5 50. Rf4 Rb5 51. Rf5+ Kc4 52. Rxb5 cxb5 53. Kc2 Kb4 54. Kb2 Ka4 55. Kc2 Ka3 56. Kb1 b4 57. Ka1 b3 58. axb3 Kxb3 59. Kb1 Kc3 60. Kc1 Kd3 61. Kd1 Ke3 62. Ke1 Kf3 63. Kf1 Ke3 64. Ke1 Kf3 65. Kf1 Ke3 66. Ke1 1/2-1/2

[Event "Titled Tuesday intern op 09th Jan Early"]
[Site "Chess.com INT"]
[Date "2024.01.09"]
[Round "3"]
[White "Le, Tuan Minh"]
[Black "Wagner, Dennis"]
[Result "1-0"]
[WhiteElo "2567"]
[BlackElo "2611"]
[PlyCount "57"]
[EventDate "2024.01.09"]
[EventType "swiss (blitz)"]
[EventRounds "11"]
[EventCountry "USA"]
[SourceTitle "CB03_2024"]
[SourceDate "2024.01.17"]
[SourceVersion "1"]
[SourceVersionDate "2024.01.17"]
[SourceQuality "1"]

1. d4 Nf6 2. Nf3 d5 3. Bf4 c5 4. c3 Nc6 5. e3 Qb6 6. Qc2 g6 7. Nbd2 Bf5 8. dxc5 Qxc5 9. Qb3 Qb6 10. Nd4 Nxd4 11. exd4 Qxb3 12. axb3 Bg7 13. Be2 0-0 14. 0-0 a6 15. b4 Ne4 16. Nb3 Rfe8 17. Rfe1 h5 18. Bf1 g5 19. Be3 f6 20. Nc5 Nd6 21. f3 Kf7 22. Bf2 e6 23. Bg3 Nc4 24. Nxb7 e5 25. Bxc4 dxc4 26. Nd6+ Kg6 27. Nxe8 Rxe8 28. dxe5 h4 29. Bf2 1-0